| 000 | 00468cam a2200205ua 4500 | ||
|---|---|---|---|
| 001 | 10563 | ||
| 008 | 190316n ii |||gr||||Z||||||asm | ||
| 020 | _a9788173313523 | ||
| 040 | _cMAIN | ||
| 041 | _aasm | ||
| 082 | _a782 | ||
| 100 |
_aBirendra Kumar Phukan, _eAuthor. |
||
| 245 | _aRaag sangeet | ||
| 250 | _a1st ed. | ||
| 260 |
_aGuwahati: _bLawyers book stall, _c2016. |
||
| 300 | _a230p. | ||
| 653 | _aVocal music | ||
| 653 | _aOriental music | ||
| 942 | _cBK | ||
| 999 |
_c9536 _d9536 |
||